Karz (New) (Record no. 34594)

MARC details
000 -LEADER
fixed length control field 02433nam a22003977a 4500
003 - CONTROL NUMBER IDENTIFIER
control field dpl
005 - DATE AND TIME OF LATEST TRANSACTION
control field 2010031106046.0
007 - PHYSICAL DESCRIPTION FIXED FIELD--GENERAL INFORMATION
fixed length control field DVD
008 - FIXED-LENGTH DATA ELEMENTS--GENERAL INFORMATION
fixed length control field 080917t xxu||||| |||| 00| 0 eng d
010 ## - LIBRARY OF CONGRESS CONTROL NUMBER
LC control number DVD-006369-6375
024 ## - OTHER STANDARD IDENTIFIER
Source of number or code TSDVD-2458
Terms of availability 49.00
035 ## - SYSTEM CONTROL NUMBER
System control number DVD-006369-6375
040 ## - CATALOGING SOURCE
Original cataloging agency DPL
Transcribing agency DPL
082 ## - DEWEY DECIMAL CLASSIFICATION NUMBER
Classification number DVD KARZ
245 ## - TITLE STATEMENT
Title Karz (New)
Statement of responsibility, etc Gulshan Kumar Presents
Medium [Videorecording] DVD /
260 ## - PUBLICATION, DISTRIBUTION, ETC. (IMPRINT)
Place of publication, distribution, etc New Delhi
Name of publisher, distributor, etc Super Cassettes Industries Ltd.
300 ## - PHYSICAL DESCRIPTION
Extent 1 Videodisc DVD;
Other physical details sd., col.;
Dimensions 4 3/4 in.
Type of unit DVD
440 ## - SERIES STATEMENT/ADDED ENTRY--TITLE
Title Super Cassette Industries
538 ## - SYSTEM DETAILS NOTE
System details note Dolby Digital 2.1; Subtitles, English, Tamil, Telgu; Regions, Universal
650 ## - SUBJECT ADDED ENTRY--TOPICAL TERM
Topical term or geographic name as entry element Motion Picture
700 ## - ADDED ENTRY--PERSONAL NAME
Personal name Reshammiya, Himesh
700 ## - ADDED ENTRY--PERSONAL NAME
Personal name Matondkar, Urmila
700 ## - ADDED ENTRY--PERSONAL NAME
Personal name Shweta Kumar
700 ## - ADDED ENTRY--PERSONAL NAME
Personal name Morea, Dino
700 ## - ADDED ENTRY--PERSONAL NAME
Personal name Babbar, Raj
700 ## - ADDED ENTRY--PERSONAL NAME
Personal name Denzonagpa, Danny
942 ## - ADDED ENTRY ELEMENTS (KOHA)
Source of classification or shelving scheme Dewey Decimal Classification
Koha item type CD-ROMs, DVDs, VHS
Classification part DVD
Call number suffix KARZ
Holdings
Withdrawn status Lost status Source of classification or shelving scheme Damaged status Not for loan Home library Current library Date acquired Source of acquisition Cost, normal purchase price Total Checkouts Full call number Barcode Date last seen Date checked out Copy number Cost, replacement price Price effective from Koha item type
    Dewey Decimal Classification     Central Library Central Library 11/03/2010 Pioneers/1099/25-12-09/325/13-10-09 /30-12-09 49.00 6 DVD KARZ DVD-006369 04/02/2012 21/01/2012 1 49.00 11/03/2010 CD-ROMs, DVDs, VHS
    Dewey Decimal Classification     Karol Bagh Karol Bagh 11/03/2010 Pioneers/1099/25-12-09/325/13-10-09 /30-12-09 49.00 4 DVD KARZ DVD-006374 18/04/2013 04/04/2013 1 49.00 11/03/2010 CD-ROMs, DVDs, VHS
    Dewey Decimal Classification     Narela Narela 11/03/2010 Pioneers/1099/25-12-09/325/13-10-09 /30-12-09 49.00 2 DVD KARZ DVD-006375 08/11/2010 15/10/2010 1 49.00 11/03/2010 CD-ROMs, DVDs, VHS
    Dewey Decimal Classification     Patel Nagar Patel Nagar 11/03/2010 Pioneers/1099/25-12-09/325/13-10-09 /30-12-09 49.00 3 DVD KARZ DVD-006370 18/07/2011 16/07/2011 1 49.00 11/03/2010 CD-ROMs, DVDs, VHS
    Dewey Decimal Classification     R.K.Puram-8 R.K.Puram-8 11/03/2010 Pioneers/1099/25-12-09/325/13-10-09 /30-12-09 49.00 4 DVD KARZ DVD-006372 03/04/2013 23/03/2013 1 49.00 11/03/2010 CD-ROMs, DVDs, VHS
    Dewey Decimal Classification     Sarojini Nagar Sarojini Nagar 11/03/2010 Pioneers/1099/25-12-09/325/13-10-09 /30-12-09 49.00 4 DVD KARZ DVD-006371 14/09/2013 07/09/2013 1 49.00 11/03/2010 CD-ROMs, DVDs, VHS
    Dewey Decimal Classification     Vinoba Puri Vinoba Puri 11/03/2010 Pioneers/1099/25-12-09/325/13-10-09 /30-12-09 49.00 2 DVD KARZ DVD-006373 24/07/2010 23/07/2010 1 49.00 11/03/2010 CD-ROMs, DVDs, VHS

© Delhi Public Library
Hit Counter
free hit counter